000 005170000a22001930004500
001 1427
003 CO-MdFUSB
005 20170512144912.0
008 170512b xxu||||| |||| 00| 0 eng d
020 _a968-16-3748-8
040 _cCO-MdBIC
082 0 4 _a863C M593a
100 1 _aMiles, Miska
245 1 0 _aAni y la anciana / Miska Miles : ilustrado por Peter Parnall ; trad. de Katy Torre
260 _aMéxico : Fondo de Cultura Económica
300 _a44 P.
650 1 4 _aLiteratura Infanil
942 _cLGB
999 _c48588
_d48588